LDR 00701naa#a2200169#i#450# 001 EN\\bibl\123409 005 20260705225832.7 011 ## _a1994-4683 100 ## _a20230731b2023####ek#y0engy0150####ca 102 ## _aRU 200 1# _aPHYSICAL ACTIVITIES AS STRESS PREVENTION FOR FIRST-YEAR STUDENTS _eJournal article 210 1# _aMoscow _cNational State University of Physical Education, Sports and Health named after P.F. Lesgaft _d2023 215 ## _a4 с. 608 ## _aJournal article _2local 675 ## _aМассовый спорт. Массовое спортивное движение. Народные виды спорта. 796.034.2 _z 700 #1 _aPitkin _gViktor Aleksandrovich 856 4# _auchzapiski.lesgaft.spb.ru _u